Kistapolcsány, Főherczegi kastély, Rákóczi udvar

Zobrazenie: Pohľad v bielom orámovaní na nádvorie kaštieľa s okrasnými drevinami, vľavo osvetlenie

Bibliographic Details
Format: Photo
Language:Hungarian
PhysicalDescription:1 pohľadnica tónovaná do hneda 9 x 14 cm
Published: Bpest. Erdélyi cs. és kir. udvari fényképész műintézetéből [medzi 1905 a 1945?]
Subjects:

MARC

LEADER 00000ckm a2200000 a 4500
001 vtls011634757
003 SK-MaSNL
005 20260301100112.0
007 kf ao
008 230718q1905 hu g 00 kuhun
015 |a SNBG 
035 |a urn:nbn:sk:snk-km00dp86 
035 |a urn:nbn:sk:snk-km3ly2h 
035 |a C18334EC-B1F1-4DA4-987B-ADD3139854BC 
040 |a SNK  |b slo  |c SNK  |e AACR2 
041 0 |a hun 
043 |a e-xo--- 
044 |a hu  |c HU 
072 7 |a 913  |x Regionálna geografia  |2 konspekt 
080 |a 913(437.6)  |2 2011 
080 |a 728.82  |2 2011 
080 |a 904(084.121)  |2 2011 
245 0 0 |a Kistapolcsány, Főherczegi kastély, Rákóczi udvar  |h grafika 
260 |a Bpest.  |b Erdélyi cs. és kir. udvari fényképész műintézetéből  |c [medzi 1905 a 1945?] 
300 |a 1 pohľadnica  |b tónovaná do hneda  |c 9 x 14 cm 
500 |a Názvové údaje prevzaté z obrazovej časti pohľadnice 
520 8 |a Zobrazenie: Pohľad v bielom orámovaní na nádvorie kaštieľa s okrasnými drevinami, vľavo osvetlenie 
650 0 7 |a kaštiele  |2 SNKPH  |9 28599 
651 7 |a Topoľčianky (Slovensko)  |2 SNKPHgeo  |9 31565 
655 7 |a miestne pohľadnice  |2 SNKPH  |9 70510 
655 7 |a pohľadnice kultúrnych pamiatok  |2 SNKPH  |9 70523 
752 |a Maďarsko  |d Budapešť 
852 |a Slovenská národná knižnica 
954 |a pohľadnice pôvodné (slovenské)  |2 lita 
954 |a pohľadnice cudzojazyčné (svetové)  |2 lita 
958 |a OND 
958 |a GBN 
958 |a GC 
958 |a EUIPO 
999 |c 685213  |d 687143 
952 |a SNK  |b SNK  |y PREZ  |7 0  |p 17A1223564  |o snkSP 23874  |z Pohľadnica je predierkovaná z ľavej strany hore a dole dvomi dierkami.  |0 0  |1 0  |4 0  |d 2017-06-06  |f 1  |l 0  |r 2026-02-23 20:09:57  |w 2026-02-23